Statistics for Countries That Visit Brazil The Most

Click here to take the quiz!

General Stats

  • This quiz has been taken 16,708 times
    (16,674 since last reset)
  • The average score is 14 of 15

Answer Stats

Tourists Country % Correct
570,350United States
100%
2,294,900Argentina
98%
202,671United Kingdom
94%
311,813Chile
93%
263,774France
93%
94,609Mexico
93%
138,106Colombia
92%
147,846Spain
91%
284,113Uruguay
89%
114,276Peru
89%
221,513Germany
88%
316,714Paraguay
86%
149,968Portugal
86%
138,106Bolivia
83%
181,493Italy
80%

Score Distribution

Percentile by Number Answered

Percent of People with Each Score

Your Score History

You have not taken this quiz since the last reset